| 000 | 01276nam a22002415i 4500 | ||
|---|---|---|---|
| 001 | 162674 | ||
| 003 | ES-MaACL | ||
| 005 | 20230906212558.0 | ||
| 008 | 020402s1870 sp |||| | spa d | ||
| 040 |
_aCAM _bspa _cCAM |
||
| 100 | 1 |
_aPuente y Brañas, Ricardo. _994166 |
|
| 245 | 1 | 3 |
_aLa bella Elena _b: zarzuela bufa en tres actos y en prosa y verso / _carreglada á la música de Offembach por Ricardo Puente y Brañas y Miguel Pastorfido. |
| 260 |
_aMadrid : _b[s.n.], _c1870 ( _fImprenta de José Rodriguez) |
||
| 300 |
_a76 p. ; _c20 cm. |
||
| 500 | _aEn port.: Representada por primera vez en el Teatro del Circo el 31 de diciembre de 1870. | ||
| 500 | _aPrecede al tít.: Repertorio de los bufos Arderius. | ||
| 500 | _aSolo la letra. | ||
| 596 | _aEn verso de la port. consta: "... Galerías Dramáticas y Liricas de Gullon é Hidalgo ..." | ||
| 700 | 1 |
_aPastorfido, Miguel. _989537 |
|
| 700 | 0 |
_aOffembach, Jacques. _986558 |
|
| 852 |
_aES-MaACL _jF-8581(8) _z-- Enc. pasta española _q-- Falto de la cub. original _z-- Enc. en un vol. facticio ormando parte de la col. facticia "Teatro español moderno", vol. 34 |
||
| 852 |
_aES-MaACL _jD-677(4) _z.- Enc. en un vol. facticio _z.- Legado M. de la Fuente _z.- Firma manuscrita "Antonio Balseiro y González" |
||
| 999 |
_c162674 _d162674 |
||